<?xml version="1.0" encoding="UTF-8"?>
<record
    xmlns:xsi="http://www.w3.org/2001/XMLSchema-instance"
    xsi:schemaLocation="http://www.loc.gov/MARC21/slim http://www.loc.gov/standards/marcxml/schema/MARC21slim.xsd"
    xmlns="http://www.loc.gov/MARC21/slim">

  <leader>00608nam a22001577a 4500</leader>
  <controlfield tag="003">OSt</controlfield>
  <controlfield tag="005">20151105142845.0</controlfield>
  <controlfield tag="008">151105b        xxu||||| |||| 00| 0 eng d</controlfield>
  <datafield tag="040" ind1=" " ind2=" ">
    <subfield code="c">RUA</subfield>
  </datafield>
  <datafield tag="082" ind1=" " ind2=" ">
    <subfield code="a">FOR POL 1999 B126 Or.1</subfield>
  </datafield>
  <datafield tag="100" ind1=" " ind2=" ">
    <subfield code="9">3393</subfield>
    <subfield code="a">POL, DARET.</subfield>
  </datafield>
  <datafield tag="245" ind1=" " ind2=" ">
    <subfield code="a">Economic efficiency of forest community at preah sihanouk (ream) national park, &#x1794;&#x17D2;&#x179A;&#x179F;&#x17B7;&#x1791;&#x17D2;&#x1792;&#x1797;&#x17B6;&#x1796;&#x179F;&#x17C1;&#x178A;&#x17D2;&#x178B;&#x1780;&#x17B7;&#x1785;&#x17D2;&#x1785;&#x200B;&#x179F;&#x17A0;&#x1780;&#x1798;&#x1793;&#x17CD;&#x1796;&#x17D2;&#x179A;&#x17C3;&#x1788;&#x17BE;&#x17A7;&#x1791;&#x17D2;&#x1799;&#x17B6;&#x1793;&#x1787;&#x17B6;&#x178F;&#x17B7;&#x1796;&#x17D2;&#x179A;&#x17C7;&#x179F;&#x17B8;&#x17A0;&#x1793;&#x17BB;(&#x179A;&#x17B6;&#x1798;)</subfield>
  </datafield>
  <datafield tag="260" ind1=" " ind2=" ">
    <subfield code="a">Phnom Penh</subfield>
    <subfield code="b">RUA</subfield>
    <subfield code="c">1999</subfield>
  </datafield>
  <datafield tag="300" ind1=" " ind2=" ">
    <subfield code="a">47p.</subfield>
    <subfield code="b">ill.</subfield>
    <subfield code="c">29cm.</subfield>
  </datafield>
  <datafield tag="942" ind1=" " ind2=" ">
    <subfield code="2">ddc</subfield>
    <subfield code="c">FOR</subfield>
  </datafield>
  <datafield tag="999" ind1=" " ind2=" ">
    <subfield code="c">3166</subfield>
    <subfield code="d">3166</subfield>
  </datafield>
  <datafield tag="952" ind1=" " ind2=" ">
    <subfield code="0">0</subfield>
    <subfield code="1">0</subfield>
    <subfield code="2">ddc</subfield>
    <subfield code="4">0</subfield>
    <subfield code="6">FOR_POL_1999_000000000000000_B126_OR_1</subfield>
    <subfield code="7">0</subfield>
    <subfield code="9">14866</subfield>
    <subfield code="a">LBB</subfield>
    <subfield code="b">LBB</subfield>
    <subfield code="c">B126</subfield>
    <subfield code="d">2015-11-05</subfield>
    <subfield code="o">FOR POL 1999 B126 Or.1</subfield>
    <subfield code="p">RUA026090</subfield>
    <subfield code="r">2015-11-05</subfield>
    <subfield code="w">2015-11-05</subfield>
    <subfield code="y">FOR</subfield>
  </datafield>
  <datafield tag="952" ind1=" " ind2=" ">
    <subfield code="0">0</subfield>
    <subfield code="1">0</subfield>
    <subfield code="2">ddc</subfield>
    <subfield code="4">0</subfield>
    <subfield code="6">FOR_POL_1999_000000000000000_B126_OR_2</subfield>
    <subfield code="7">0</subfield>
    <subfield code="9">14867</subfield>
    <subfield code="a">LBB</subfield>
    <subfield code="b">LBB</subfield>
    <subfield code="c">B126</subfield>
    <subfield code="d">2015-11-05</subfield>
    <subfield code="o">FOR POL 1999 B126 Or.2</subfield>
    <subfield code="p">RUA010685</subfield>
    <subfield code="r">2015-11-05</subfield>
    <subfield code="w">2015-11-05</subfield>
    <subfield code="y">FOR</subfield>
  </datafield>
</record>
